00649nam a2200217 a 4500001001300000003000900013005001700022008004100039020002300080082001700103100001900120245002200139260003300161300000900194500003500203650002900238902000800267942000700275952013200282999001700414nice12345678IN_TiNIC20260116015002.0070530s1984 onta grp 000 0 eng  a0836136357 c10000a261.836bKIR aKirk, Janice E aCherish the Earth aOntariobHerald Press c1984 a183p aincludes index and biblioraphy aEcology and Christianity bSRS cBK 001040708StackRoom-aHMIbHMId2007-05-30g100.00l2o261.836 KIRp11002030r2017-08-30s2017-08-16v100.00w2007-05-30yBK c17838d17838